[Event "10th Ardid Memorial op"]
[Site "?"]
[Date "1998.??.??"]
[Round "?"]
[White "Movsziszian, Karen"]
[Black "San Segundo Carrillo, Pablo"]
[WhiteElo "2500"]
[BlackElo "2505"]
[Result "0-1"]

1. e4 c5 2. Nc3 Nc6 3. g3 g6 4. Bg2 Bg7 5. d3 d6 6. Nh3 Bd7 7. f4 Qc8 8. Nf2 Rb8 9. Be3 b5 10. Qd2 b4 11. Ncd1 e5 12. O-O Nge7 13. f5 gxf5 14. Bh6 O-O 15. Qg5 Ng6 16. Bxg7 Kxg7 17. exf5 f6 18. Qh5 Nge7 19. Ng4 Ng8 20. Nde3 Nce7 21. Be4 Bc6 22. Rae1 Qe8 23. Qh4 Qf7 24. Nc4 Rbd8 25. Ncxe5 dxe5 26. Nxe5 Qe8 27. Qg4+ Kh6 28. Bxc6 Nxc6 29. Nf3 Nce7 30. Re4 Qf7 31. Re6 Qh5 32. Qf4+ Kg7 33. g4 Qf7 34. g5 Kh8 35. Nh4 fxg5 36. Qe5+ Qg7 37. Qxg7+ Kxg7 38. f6+ Rxf6 39. Rfxf6 Nxf6 40. Rxe7+ Kf8 41. Nf5 Rd5 42. Rxa7 Rxf5 43. a4 bxa3 44. bxa3 

0-1

[Event "31st San Sebastian Open"]
[Site "?"]
[Date "2008.03.22"]
[Round "?"]
[White "Mateo, Ramon"]
[Black "San Segundo Carrillo, Pablo"]
[WhiteElo "2484"]
[BlackElo "2542"]
[Result "0-1"]

1. e4 c6 2. d4 d5 3. exd5 cxd5 4. c4 Nf6 5. Nc3 e6 6. Bf4 Bb4 7. Bd3 dxc4 8. Bxc4 O-O 9. Ne2 a6 10. a3 Be7 11. Qd3 b5 12. Qf3 Ra7 13. Bd3 Rd7 14. Rd1 Bb7 15. Qh3 Nc6 16. O-O g6 17. Be5 Nxe5 18. dxe5 Nd5 19. Nxd5 Bxd5 20. Nd4 Bc4 21. Qf3 Bb3 22. Rc1 Bg5 23. Be4 Rxd4 24. Rfe1 Bd5 25. g3 Bxe4 26. Rxe4 Qa8 27. Rce1 Rc8 28. h4 Rcc4 29. hxg5 Rxe4 30. Qg2 Qc6 31. Rd1 Rxe5 

0-1